Japanese - style management : An insider's analysis
Spremljeno u:
| Glavni autor: | |
|---|---|
| Format: | Knjiga |
| Jezik: | Undetermined |
| Izdano: |
Tokyo
Kodansha International LTD
1987
|
| Teme: | |
| Oznake: |
Dodaj oznaku
Bez oznaka, Budi prvi tko označuje ovaj zapis!
|
| Thư viện lưu trữ: | Trung tâm Học liệu Trường Đại học Cần Thơ |
|---|
| LEADER | 00548nam a2200205Ia 4500 | ||
|---|---|---|---|
| 001 | CTU_107026 | ||
| 008 | 210402s9999 xx 000 0 und d | ||
| 082 | |a 658 | ||
| 082 | |b H346 | ||
| 100 | |a Hasegawa, Keitaro | ||
| 245 | 0 | |a Japanese - style management : | |
| 245 | 3 | |b An insider's analysis | |
| 245 | 0 | |c Keitaro Hasegawa | |
| 260 | |a Tokyo | ||
| 260 | |b Kodansha International LTD | ||
| 260 | |c 1987 | ||
| 650 | |a Industrial management | ||
| 650 | |z Japan | ||
| 904 | |i Nguyên | ||
| 980 | |a Trung tâm Học liệu Trường Đại học Cần Thơ | ||